| 000 | 00588nam a22002417a 4500 | ||
|---|---|---|---|
| 003 | UA-OsUOA | ||
| 001 | 55257 | ||
| 007 | ta | ||
| 008 | 20080903b un ||||| |||| 00| 0 ukr d | ||
| 100 | _aПлатон | ||
| 090 |
_a141.131 _bП37 |
||
| 942 | _cBK | ||
| 040 |
_aUA-OsUOA _brus _cUA-OsUOA _dUA-OsUOA |
||
| 245 | _aФедон, Пир, Федр, Парменид | ||
| 300 | _a528 с. | ||
| 955 | _a2 | ||
| 041 | _arus | ||
| 080 | _a141.131 | ||
| 020 | _a5-244-00922-2 | ||
| 260 |
_aМ. _bМысль _c528 |
||
| 650 | 7 |
_a1 Філософські науки _2UDC |
|
| 999 |
_c341311 _d341311 |
||